Journal of International Affairs

Bibliographic Details
Format: eBook
Language:English
Published: Estados Unidos Columbia University School of International Public Affairs 2014
Subjects:
Online Access:Acceso restringido

MARC

LEADER 00000nam a22000007a 4500
005 20160125095246.0
007 cr|||| ||u|
008 160125s19932014-us||||os|||| 0||| 1eng d
022 |a 0022-197X  
035 |a 2901 
040 |a vLex 
090 |c 5837  |d 5837 
245 1 0 |a Journal of International Affairs  |h [Recurso electrn̤ico] /  |c Columbia University School of International Public Affairs  
256 |a Servicio en ln̕ea  
260 |a Estados Unidos  |b Columbia University School of International Public Affairs   |c 2014 
300 |a 1 recurso electrn̤ico  
310 |a Desconocida 
506 1 |a Contenido solo disponible en los productos indicados  |d vLex Global  |d vLex Global (Academic Edition, excluding Law Schools)  |d vLex Global (U.S. Academic Edition, Law Schools)  |d vLex Global (U.S. Academic Edition, excluding Law Schools)  |d vLex Global (Academic Edition, Law Schools) 
650 0 4 |a Revistas  |z Estados Unidos 
740 0 |a vLex revistas (servicio en ln̕ea)  
856 4 0 |u http://vlex.com/source/journal-of-international-affairs-2901  |z Acceso restringido 
942 |c REV 
999 0 |a Periodicals